000 00570nam a2200193Ia 4500
003 GCL
008 140319s9999 xx 000 0 ara d
040 _aGCL /
_cGCL
082 0 4 _a811.05
_bم م
100 1 _aحسين نصار
245 1 0 _aالمختار من الموشحات /
_cحسين نصار
700 1 _aمصطفى السقا
300 _a404 ص
490 _aالهيئة العامة للاستعلامات
_v0
650 0 4 _aالشعر الغنائى
650 0 4 _aالموشحات
650 0 4 _aالموشح - تاريخ ونقد
942 _2ddc
_cBK
999 _c51764
_d51764